Curso básico de economía / (Record no. 95862)

MARC details
000 -LEADER
campo de control de longitud fija 00709nam a2200205 i 4500
001 - NÚMERO DE CONTROL
campo de control 95862
003 - IDENTIFICADOR DE NÚMERO DE CONTROL
campo de control ES-MaACL
005 - FECHA Y HORA DE LA ÚLTIMA TRANSACCIÓN
campo de control 20230906181805.0
007 - CAMPO FIJO DE DESCRIPCIÓN FÍSICA--INFORMACIÓN GENERAL
campo de control de longitud fija t|
008 - DATOS DE LONGITUD FIJA--INFORMACIÓN GENERAL
campo de control de longitud fija 050606s1975 sp ||||1| spa d
100 1# - ENTRADA PRINCIPAL--NOMBRE DE PERSONA
Nombre de persona McConnell, Campbell R.
9 (RLIN) 79537
245 10 - MENCIÓN DEL TÍTULO
Título Curso básico de economía /
Mención de responsabilidad, etc. Campbell R. McConnell; traducción por Jesús Ruiz de Cenzano y Losa; adoptado por Jaime Olleros Izard y Luis García de Diego.
250 ## - MENCION DE EDICION
Mención de edición [2ª ed.].
260 ## - PUBLICACIÓN, DISTRIBUCIÓN, ETC.
Lugar de publicación, distribución, etc. Madrid :
Nombre del editor, distribuidor, etc. Aguilar,
Fecha de publicación, distribución, etc. 1975.
300 ## - DESCRIPCIÓN FÍSICA
Extensión XXXII, 1081 p. ;
Dimensiones 24 cm.
700 1# - ENTRADA AGREGADA--NOMBRE PERSONAL
Nombre de persona Ruiz de Cenzano, Jesús.
9 (RLIN) 143269
700 1# - ENTRADA AGREGADA--NOMBRE PERSONAL
Nombre de persona Olleros Izard, Jaime.
9 (RLIN) 86930
700 1# - ENTRADA AGREGADA--NOMBRE PERSONAL
Nombre de persona García de Diego, Luis.
9 (RLIN) 54420
852 ## - LOCALIZACIÓN
Ubicación ES-MaACL
Número de control de estantería E-7249
Sublocalización o colección R.91298
Holdings
Estatus retirado Estado de pérdida Estado de daño No para préstamo Biblioteca de origen Biblioteca actual Ubicación en estantería Fecha de adquisición Fuente de adquisición Total de préstamos Signatura topográfica completa Código de barras Visto por última vez Precio de reemplazo Tipo de ítem Koha
        Biblioteca del Ateneo de Madrid Biblioteca del Ateneo de Madrid Depósito 2 17/01/2008     E-7249 1100095 23/02/2023 23/02/2023 Libro impreso